Introducción a la literatura griega / (Record no. 35618)

MARC details
000 -LEADER
campo de control de longitud fija 00682nam a2200217 i 4500
001 - NÚMERO DE CONTROL
campo de control 35618
003 - IDENTIFICADOR DE NÚMERO DE CONTROL
campo de control ES-MaACL
005 - FECHA Y HORA DE LA ÚLTIMA TRANSACCIÓN
campo de control 20230906155152.0
007 - CAMPO FIJO DE DESCRIPCIÓN FÍSICA--INFORMACIÓN GENERAL
campo de control de longitud fija t|
008 - DATOS DE LONGITUD FIJA--INFORMACIÓN GENERAL
campo de control de longitud fija 030213s1968 sp ||||1| spa d
100 1# - ENTRADA PRINCIPAL--NOMBRE DE PERSONA
Nombre de persona Bowra, C. M.
9 (RLIN) 31155
245 10 - MENCIÓN DEL TÍTULO
Título Introducción a la literatura griega /
Mención de responsabilidad, etc. C.M. Bowra ; [lo tradujo Luis Gil].
260 ## - PUBLICACIÓN, DISTRIBUCIÓN, ETC.
Lugar de publicación, distribución, etc. Madrid :
Nombre del editor, distribuidor, etc. Guadarrama,
Fecha de publicación, distribución, etc. [1968]
300 ## - DESCRIPCIÓN FÍSICA
Extensión 411 p., 16 lám. ;
Dimensiones 21 cm.
490 1# - MENCIÓN DE SERIE
Mención de serie Textos universitarios ;
Designación de volumen o secuencia 10
650 00 - PUNTO DE ACCESO ADICIONAL DE MATERIA--TÉRMINO DE MATERIA
Término de materia o nombre geográfico como elemento de entrada Literatura griega-
Subdivisión general Historia y crítica.
9 (RLIN) 14599
700 1# - ENTRADA AGREGADA--NOMBRE PERSONAL
Nombre de persona Gil Fernández, Luis.
9 (RLIN) 56817
830 1# - PUNTO DE ACCESO ADICIONAL DE SERIE-TÍTULO UNIFORME
Título uniforme Textos universitarios ;
Designación de volumen o secuencia 10
9 (RLIN) 177853
852 ## - LOCALIZACIÓN
Ubicación ES-MaACL
Número de control de estantería C-34623
Holdings
Estatus retirado Estado de pérdida Estado de daño No para préstamo Biblioteca de origen Biblioteca actual Ubicación en estantería Fecha de adquisición Fuente de adquisición Total de préstamos Signatura topográfica completa Código de barras Visto por última vez Precio de reemplazo Tipo de ítem Koha
        Biblioteca del Ateneo de Madrid Biblioteca del Ateneo de Madrid Depósito 2 17/01/2008     C-34623 1037296 23/02/2023 23/02/2023 Libro impreso